| 000 | 00828cab a22002415a 4500 | ||
|---|---|---|---|
| 001 | L159995 | ||
| 008 | 150113e2016 xxk 000 0 eng d | ||
| 035 | _a(Sirsi) u159995 | ||
| 041 | 0 | _aeng | |
| 050 | _a690.22 $2 18 | ||
| 100 | 1 | _aMorris, Ashley | |
| 245 | 0 | 0 |
_aDoing your duty _h[electronic resource] |
| 260 |
_aLondon _bRICS _c2016 |
||
| 490 |
_aRICS Building Surveying Journal _vJuly 2016 - August 2016, 6-7(2) |
||
| 520 | _aExplains wath the Construction (Design and Management) Regulations 2015 mean. | ||
| 650 | 2 | 4 | _aCDM 2015 |
| 650 | 2 | 4 | _aDESIGN RISK MANAGEMENT |
| 650 | 2 | 4 | _aPRINCIPAL DESIGNER |
| 651 | 4 |
_aUnited Kingdom _y |
|
| 690 |
_aHealth and safety _96244 |
||
| 856 | 4 | 0 |
_uhttps://www.rics.org/Global/BSJ%20BCJ%20July%20August%202016.pdf _zView the article free of charge at www.rics.org... |
| 942 | _n0 | ||
| 999 |
_c85112 _d85112 |
||